| 000 | 00472cam a22001934a 4500 | ||
|---|---|---|---|
| 005 | 20250605164321.0 | ||
| 008 | 250528s ||||||||||||||||||||||||d | ||
| 035 | _a22903 | ||
| 020 | _a9780538879026 | ||
| 040 |
_aGR-AtMCL _bgre _dGR-AtMCL _eAACR2 |
||
| 245 | 1 | _aORGANIZATION THEORY AND DESIGN | |
| 250 | _a6 | ||
| 260 |
_bSouth-Western Publishing Co, _c1998 |
||
| 300 | _a699 | ||
| 700 | 1 |
_aDaft Richard L _91288 |
|
| 942 | _cBK | ||
| 999 |
_c7947 _d7947 |
||